Návrh riešenia odstupových vzdialeností požiarnym modelom
Prípadová štúdia vybraného aspektu riešenia požiarnej bezpečnosti stavieb, konkrétne dištančných vzdialeností. Poukázanie na rozdiely, ktoré vznikajú pri určovaní odstupových vzdialeností pri zmene niektorých vstupných údajov a porovnanie ich s výsledkami simulácií.
Salvato in:
| Autore principale: | |
|---|---|
| Altri autori: | |
| Natura: | Capitolo di libro |
| Lingua: | slovacco |
| Soggetti: | |
| Tags: |
Nessun Tag, puoi essere il primo ad aggiungerne!!
|
MARC
| LEADER | 00000naa a2200000 4500 | ||
|---|---|---|---|
| 001 | 0306890 | ||
| 005 | 20250207143111.5 | ||
| 041 | 0 | |a slo | |
| 044 | |a SK | ||
| 245 | 1 | 0 | |a Návrh riešenia odstupových vzdialeností požiarnym modelom |c Dorota Hodúlová, Stanislava Gašpercová |
| 520 | |a Prípadová štúdia vybraného aspektu riešenia požiarnej bezpečnosti stavieb, konkrétne dištančných vzdialeností. Poukázanie na rozdiely, ktoré vznikajú pri určovaní odstupových vzdialeností pri zmene niektorých vstupných údajov a porovnanie ich s výsledkami simulácií. | ||
| 610 | 2 | 0 | |a nástroje plánovania |
| 610 | 2 | 0 | |a modely |
| 610 | 2 | 0 | |a modelovanie |
| 610 | 2 | 0 | |a štúdie |
| 610 | 2 | 0 | |a požiare |
| 610 | 2 | 0 | |a požiarnictvo |
| 610 | 2 | 0 | |a riešenia projektové typové |
| 610 | 2 | 0 | |a simulácia |
| 100 | 1 | |a Hodúlová, Dorota | |
| 700 | 1 | |a Gašpercová, Stanislava | |